Electric motors and their applications
保存先:
| 第一著者: | |
|---|---|
| フォーマット: | 図書 |
| 言語: | 英語 |
| 出版事項: |
Nueva York
John Wiley
1969
|
| 主題: | |
| タグ: |
タグ追加
タグなし, このレコードへの初めてのタグを付けませんか!
|
MARC
| LEADER | 00000nam a2200000 a 4500 | ||
|---|---|---|---|
| 001 | UCU5255 | ||
| 003 | CL-VaPUC | ||
| 008 | 960531e19690000US |||||||||||||||||eng|d | ||
| 082 | 0 | 4 | |a 621.313 |b LLO |2 21 |
| 100 | |a Lloyd, Tom C. |e autor |9 363170 | ||
| 245 | 1 | 0 | |a Electric motors and their applications |
| 300 | |a 332 p | ||
| 942 | |c BK | ||
| 945 | |d 19960531 00:00:00 |a paguirre | ||
| 260 | |a Nueva York |b John Wiley |c 1969 | ||
| 650 | 0 | |a Motores eléctricos |9 260085 | |
| 650 | 7 | |a TECNOLOGIA ELECTRICA |2 CL-VaPUC |9 336952 | |
| 650 | 0 | |a Circuitos eléctricos |9 260262 | |
| 650 | 7 | |a GENERADORES ELECTRICOS |2 CL-VaPUC |9 363171 | |
| 583 | |a last modification |c 19960531 00:00:00 |k Rodrigo Vera | ||
| 999 | |c 248677 |d 248675 | ||